=LDR 00000nam 2200000 4500 =001 NUTBA000000000004574 =005 20140917110248.0 =006 =007 =008 =020 ##$$a 979-006-457-8 =035 ##$$a 0010-091400000000607 =040 ##$$a NBPDMAT =082 ##$$a 633.88 =084 ##$$a 633.88 Pra m =100 ##$$a Prapti Utami =245 ##$$a The miracle of iterbs / $c Prapti Utami dan Desty Ervina Puspaningtyas =260 ##$$a Jakarta : $b Agro Media Pustaka, $c 2013 =300 ##$$a viii, 208 hlm. : $b ilus. ; $c 24 cm. =650 ##$$a Tanaman Obat =990 ##$$a 21409887 =990 ##$$a 0001/BPAP-NTB/20142014 =990 ##$$a 0001/BPAP-NTB/20142014 =990 ##$$a 0001/BPAP-NTB/20142014 =990 ##$$a 0001/BPAP-NTB/20142014 =990 ##$$a 0001/BPAP-NTB/20142014 =990 ##$$a 0001/BPAP-NTB/20142014